000 00216 a2200073 4500
245 0 _aMetally i ich zameniteli :
_bSpravocnik /
_c.
710 2 _aMetallurgija.
_eWydawca
_4pbl
260 _aMoskva :
_bMetallurgija,
_c1973.
300 _a438 s.;
_c24 cm.
999 _c11177
_d11177